| 000 | 00461nam a2200121Ia 4500 | ||
|---|---|---|---|
| 008 | 171212s9999 xx 000 0 und d | ||
| 020 | _a9780833058805 | ||
| 100 | _aJenkins, Brian Michael | ||
| 245 |
_cJenkins, Brian Michael _aStray Dogs and Virtual Armies _bRadicalization and Recruitment to Jihadist Terrorism in the United States Since 9/11 |
||
| 260 |
_bRAND Corporation _c2011 |
||
| 650 | _aPolitical Science | ||
| 856 | _uwww.jstor.org/stable/10.7249/op343rc | ||
| 999 |
_c352575 _d352575 |
||